LEADER 00704nam0-22002531i-450- 001 990001142310403321 035 $a000114231 035 $aFED01000114231 035 $a(Aleph)000114231FED01 035 $a000114231 100 $a20000920d1967----km-y0itay50------ba 101 0 $aeng 200 1 $aDynamic plasticity$fby Cristescu 210 $aAmsterdam$cNorth-Holland$d1967 225 1 $aNorth-Holland series in applied mathematics and mechanics$v4 700 1$aCristescu,$bNicolae$043082 801 0$aIT$bUNINA$gRICA$2UNIMARC 901 $aBK 912 $a990001142310403321 952 $a26-I-4$b13095$fMA1 959 $aMA1 996 $aDynamic plasticity$9344084 997 $aUNINA DB $aING01